• 首页
  • 本馆介绍
  • 公告通知
  • 最新文献
  • 馆藏检索
  • 电子资源
  • 读者荐购
  • 参考咨询
  • CALIS
  • 我的图书馆
  • 登录
  • 详细信息显示
  • 放入我的书架
  • 预约/预借图书
  • 作者相关作品
  • 分类相关作品
  • 丛书相关作品
  • 出版社相关作品

书目信息

  • 表格格式
  • 工作单格式
  • 卡片格式
题名:
全国中级注册安全工程师职业资格考试精品教材
    
 
作者: 王欢 主编
分册:   安全生产法律法规
出版信息: 哈尔滨   哈尔滨工程大学出版社  2018.08
页数: 313页
开本: 26cm
丛书名:
单 册:
中图分类: X931 , D922.541
科图分类:
主题词: 安全生产--an quan sheng chan--资格考试--教材 , 安全生产--an quan sheng chan--安全法规--中国--资格考试--教材
电子资源:
ISBN: 978-7-5661-1952-0
 
 
 
 
 
000 01236nam 2200265 450
001 202019134706
005 20191007123106.0
010    @a978-7-5661-1952-0@dCNY80.00
100    @a20191002d2018 em y0chiy50 ea
101 0  @achi
102    @aCN@b230000
105    @ak z 000yy
106    @ar
200 1  @a全国中级注册安全工程师职业资格考试精品教材@Aquan guo zhong ji zhu ce an quan gong cheng shi zhi ye zi ge kao shi jing pin jiao cai@i安全生产法律法规@f主编王欢
210    @a哈尔滨@c哈尔滨工程大学出版社@d2018.08
215    @a313页@d26cm
330    @a本科目为全国中级注册安全工程师职业资格考试的必考科目: 《安全生产法律法规》。全书立足当前最新的与安全生产有关的法律、法规、政策和规定性文件精神, 将上述政策规范与行业背景融会贯穿, 以题作为引导, 以详细的讲解作为知识点归纳, 主要通过真题+密卷的练习形式, 加深应试人员对安全生产法律法规的掌握与灵活应用, 高效的把握备考关键点。
517 1  @a安全生产法律法规@Aan quan sheng chan fa lu^ fa gui
606 0  @a安全生产@Aan quan sheng chan@x资格考试@j教材
606 0  @a安全生产@Aan quan sheng chan@x安全法规@y中国@x资格考试@j教材
690    @aX931@v5
690    @aD922.541@v5
701  0 @a王欢@Awang huan@4主编
801  0 @aCN@c20190905
905    @a河南城建学院图书馆@dX931@eW215
    
    全国中级注册安全工程师职业资格考试精品教材.安全生产法律法规/主编王欢.-哈尔滨:哈尔滨工程大学出版社,2018.08
    313页;26cm
    
    
    ISBN 978-7-5661-1952-0:CNY80.00
    本科目为全国中级注册安全工程师职业资格考试的必考科目: 《安全生产法律法规》。全书立足当前最新的与安全生产有关的法律、法规、政策和规定性文件精神, 将上述政策规范与行业背景融会贯穿, 以题作为引导, 以详细的讲解作为知识点归纳, 主要通过真题+密卷的练习形式, 加深应试人员对安全生产法律法规的掌握与灵活应用, 高效的把握备考关键点。
●
相关链接 在E读中查询图书 在当当中查询图书 在豆瓣中查询图书


正题名:全国中级注册安全工程师职业资格考试精品教     索取号:X931/W215         预约/预借

序号 登录号 条形码 馆藏地/架位号 状态 备注
1 1442776   214427761   市政与环境工程学院资料室/501自科库 122排1列3层/ [索取号:X931/W215] 在馆    
2 1442777   214427770   自科库501/501自科库 122排1列3层/ [索取号:X931/W215] 在馆    
河南城建学院图书馆 欢迎您!
大连网信软件有限公司© 版权所有